000 00514nam a2200145 a 4500
008 120416s1967 ||||||||||||||||| || u
050 _aHB 74.M3 All
100 _aAllen, Roy George Douglas
245 1 0 _aMacro- economic theory
246 _aa mathematical treatment
260 _aLondon
_bMacmillan
_c1967
300 _axii, 420p. : ill.
350 _a0.00
995 _D0.00
_FCBU-MAIN LIBRARY (Kitwe)
_H1
_I0.00
_UAVAILABLE
_ZMain Library Open Access Collection
999 _c49595
_d49595